00797cam a22002057a 4500003000500000005001700005008004100022010001000063011001000073035001000083040000900093100003600102245019300138260004100331300001000372502012200382650002100504650003400525650003200559CHAP20220329142551.0011129d2001 mx r 00110 spa d a85040 a86012 a96550 cCHAP00aBocanegra Viezca, Juan Antonio.10aFluctuaciónes de los niveles séricos de cortisol y glucosa como indicadores de estrés en seis genotipos caprinos durante cuatro épocas del añoc/por Juan Antonio Bocanegra Viezca aChapingo, Méx. :bEl autor,c2001. a46 h. aTesis ( Ing. Agr. en Sistémas Pecuarios de Zonas Áridas) -- UACH. Unidad Regional Universitaria de Zonas Áridas14aGanado cabrío.14aGanado cabríoxCrecimiento.14aGanado cabríoxCría de.